Statistiques concernant Pays hôtes des Jeux Olympiques

Cliquez ici pour prendre le quiz!

Statistiques générales

  • Ce quiz a été pris 3,213 fois
  • Le résultat moyen est 21 sur 24

Statistiques - réponses

# Pays % Correct
6France
99%
4Japon
98%
9Etats-Unis
98%
2Chine
98%
1Russie
97%
1Brésil
97%
3Canada
96%
3Allemagne
96%
3Royaume-Uni
96%
1Espagne
96%
4Italie
94%
2Australie
92%
2Grèce
91%
1Mexique
90%
2Norvège
88%
2Corée du Sud
88%
1Suède
88%
1Finlande
83%
2Suisse
82%
2Autriche
77%
1Belgique
69%
1Pays-Bas
67%
1Union Soviétique
51%
1Yougoslavie
40%

Distribution des résultats

Percentile by Number Answered

% des personnes avec chaque résultat

Votre développement - résultats

Vous n’avez pas pris ce quiz